Ecrivains étrangers et romans - Statistiques

Statistiques générales
  • Ce quiz a été pris 513 fois
  • Le résultat moyen est 19 sur 26
Statistiques - réponses
Titre de l'oeuvre Prénom et nationalité de l'écrivain Nom de l'écrivain % Correct
Histoires extraordinaires Edgar Allan - américaine Poe
95%
Le vieil homme et la mer Ernest - américaine Hemingway
94%
Hamlet William - anglaise Shakespeare
94%
Anna Karenine Léon - russe Tolstoï
91%
Les hauts de Hurle-Vent Emily - anglaise Bronte
89%
La métamporhose - Le procès Franz - Tchèque Kafka
89%
Les contes d'... Hans Christian - danoise Andersen
86%
Mémoires d'Hadrien Marguerite - française et américaine Yourcenar
83%
Les aventures d'Alice au pays des merveilles Lewis - anglaise Carroll
82%
De grandes espérances Charles - anglaise Dickens
80%
Les contes de ... Jacob et Wilhelm - allemande Grimm
78%
Le livre de la jungle Rudyard - anglaise Kipling
78%
Orgueil et préjugés Jane - anglaise Austen
76%
Huckleberry Finn Mark - américaine Twain
76%
L'île au trésor Robert Louis - écossaise Stevenson
74%
Une chambre à soi Virginia - anglaise Woolf
72%
Crime et châtiment Fedor - russe Dostoïevski
71%
Robinson Crusoé Daniel - anglaise Defoe
70%
Cent ans de solitude Gabriel - colombienne Garcia Marquez
66%
Le meilleur des mondes Aldous Leonard - anglaise Huxley
65%
Moby Dick Herman - américaine Melville
59%
Cien sonetos de amor Pablo - chilienne Neruda
58%
A l'est d'Eden John - américaine Steinbeck
53%
Les voyages de Gulliver Jonathan - irlandaise Swift
48%
Le decameron Jean - italienne Boccace
26%
Zorba le Grec Nikos - grecque Kazantzakis
9%
Aucun quiz correspondant
Distribution des résultats
% des personnes avec chaque résultat
Percentile par nombre de réponses
Votre historique - résultats
Vous n’avez pas pris ce quiz